Normal view
MARC view
- MILLER, KAREN , GOODMAN, JANES
Entry Personal Name
001 - CONTROL NUMBER
- control field: 67393
003 - CONTROL NUMBER IDENTIFIER
- control field: NUST
005 - DATE AND TIME OF LATEST TRANSACTION
- control field: 20210628203817.0
008 - FIXED-LENGTH DATA ELEMENTS
- fixed length control field: 210628|| aca||aabn | a|a d
040 ## - CATALOGING SOURCE
- Original cataloging agency: NUST
- Transcribing agency: NUST
100 ## - HEADING--PERSONAL NAME
- Personal name: MILLER, KAREN , GOODMAN, JANES
670 ## - SOURCE DATA FOUND
- Source citation: Work cat.: (NUST): MILLER, KAREN , GOODMAN, JANES, A PROGRAMMER'S VIEW OF COMPUTER ARCHITECTURE , WITH ASSEMBLY LANGUAGE EXAMPLES FROM THE MIPS RISC ARCHITECTURE, 1993
